000 00700nam a22001935i 4500
001 167406
003 ES-MaACL
005 20230906213523.0
008 150908s1848 sp a |||| | spa d
100 1 _aAbreu Galindo, Juan de,
_9157867
245 1 0 _aHistoria de la conquista de las siete islas de Gran Canaria /
_cescrita por el reverendo padre fray Juan de Abreu Galindo.
260 _aSanta Cruz de Tenerife :
_bImp., Litogr. y Librería Isleña,
_c1848.
300 _aII, 229 p. :
_bil. ;
_c21 cm.
490 1 _aBiblioteca isleña
651 4 _aCanarias-
_xHistoria-
_yHasta S.XV.
_9147371
830 0 _aBiblioteca isleña
_9183694
852 _aES-MaACL
_jG-11538(4)
999 _c167406
_d167406